000 00399nam a22001217a 4500
082 _a200 THE
100 _aMuhammad Nauman Reg.
_970020
245 _aTH-SOF-1391-Automatic Tracking of Cervical Vertebrae Using Fluoroscopic Sequences
260 _aIslamabad
_bNUST College of EME
_c2017
650 _a MS-COMPUTER ENGINEERING-81 MSTHESIS
700 _aSupervisor Dr. Ali Hassan
_969910
942 _cCF
999 _c577079
_d577079